000 00380nam a2200145Ia 4500
005 20251223000720.0
008 251222s9999||||xx |||||||||||||| ||spa||
020 _a9789872070069
082 _a342.5/R68
100 _aRiva Posse, Alberto Eduardo
245 0 _a¿Qué es la Subsidiaridad?...Otro nombre de la libertad
250 _a1ra.ed.
264 _bCDI - CDO
942 _cLIB
999 _c41624
_d41624